00000000nas 2200000za 4500
0019.505962
003CaOODSP
00520221107133550
007cr |||||||||||
008150406d20102010oncux p o||||f0   a0eng|d
022 |a1920-9134
040 |aCaOODSP|beng
043 |an-cn---
0861 |aCS91-551E-PDF
222 0|aProjections of the diversity of the Canadian population
24500|aProjections of the diversity of the Canadian population |h[electronic resource].
260 |aOttawa : |bStatistics Canada, |c[2010-2010].
310 |aIrregular
3621 |aBegan with : 2006 to 2031 ; ceased with 2006-2031, later issues treated as monographs.
500 |aIssued also in French under title: Projections de la diversité de la population canadienne.
69207|2gccst|aPopulation distribution
69207|2gccst|aCensus data
69207|2gccst|aForcasting
7102 |aStatistics Canada.
77508|tProjections de la diversité de la population canadienne |w(CaOODSP)9.502364
986 |aCS91-551-XIE|aCS91-551-XWE